[Event "48th Continental Open"]
[Site "Sturbridge, MA"]
[Date "2018.08.19"]
[Round "8.13"]
[White "Kang, Dorian"]
[Black "Barash, Anton"]
[Result "0-1"]
[WhiteElo "1853"]
[BlackElo "1972"]
[PlyCount "78"]
[EventDate "2018.08.??"]
[EventType "swiss"]
[EventRounds "9"]
[EventCountry "USA"]
[TimeControl "6000+10"]
[WhiteClock "0:52:59"]
[BlackClock "0:42:53"]

1. e4 {[%emt 0:00:10]} e6 {[%emt 0:00:25]} 2. d4 {[%emt 0:00:17]} d5 {[%emt 0:
00:13]} 3. Nc3 {[%emt 0:00:14]} Bb4 {[%emt 0:00:16]} 4. exd5 {[%emt 0:00:12]}
exd5 {[%emt 0:00:13]} 5. Bd3 {[%emt 0:00:21]} Nf6 {[%emt 0:00:38]} 6. a3 {
[%emt 0:00:57]} Bd6 {[%emt 0:03:51]} 7. Nf3 {[%emt 0:01:10]} O-O {[%emt 0:00:
28]} 8. O-O {[%emt 0:00:20]} c6 {[%emt 0:00:21]} 9. Bg5 {[%emt 0:02:14]} Bg4 {
[%emt 0:00:45]} 10. Re1 {[%emt 0:02:02]} Nbd7 {[%emt 0:00:29]} 11. h3 {[%emt 0:
07:32]} Bh5 {[%emt 0:00:16]} 12. g4 {[%emt 0:00:21]} Bg6 {[%emt 0:00:15]} 13.
Ne5 {[%emt 0:01:59]} Qb6 {[%emt 0:09:32]} 14. Bxg6 {[%emt 0:05:16]} fxg6 {
[%emt 0:09:17]} 15. Qd2 {[%emt 0:05:33]} Rae8 {[%emt 0:10:30]} 16. Nxd7 {
[%emt 0:05:23]} Nxd7 {[%emt 0:00:19]} 17. Rxe8 {[%emt 0:00:28]} Rxe8 {[%emt 0:
00:10]} 18. Re1 {[%emt 0:00:28]} Rxe1+ {[%emt 0:03:01]} 19. Qxe1 {[%emt 0:00:
14]} Kf7 {[%emt 0:00:19]} 20. Qe3 {[%emt 0:06:32]} Qxb2 {[%emt 0:01:37]} 21.
Qf3+ {[%emt 0:00:35]} Nf6 {[%emt 0:01:39]} 22. Bxf6 {[%emt 0:02:56]} gxf6 {
[%emt 0:00:15]} 23. g5 {[%emt 0:00:19]} Qc1+ {[%emt 0:00:20]} 24. Nd1 {[%emt 0:
00:36]} Qxg5+ {[%emt 0:00:16]} 25. Kh1 {[%emt 0:00:17]} Qc1 {[%emt 0:04:37]}
26. Kg2 {[%emt 0:00:34]} Qxc2 {[%emt 0:00:38]} 27. Ne3 {[%emt 0:00:39]} Qe4 {
[%emt 0:00:35]} 28. Qxe4 {[%emt 0:00:16]} dxe4 {[%emt 0:00:15]} 29. Nc4 {
[%emt 0:00:20]} Ke6 {[%emt 0:00:43]} 30. Na5 {[%emt 0:00:15]} Bxa3 {[%emt 0:00:
50]} 31. Nxb7 {[%emt 0:00:20]} Kd5 {[%emt 0:01:30]} 32. Kf1 {[%emt 0:01:01]}
Kxd4 {[%emt 0:00:31]} 33. Ke2 {[%emt 0:00:16]} Bb4 {[%emt 0:02:24]} 34. Nd8 {
[%emt 0:00:20]} Kd5 {[%emt 0:00:21]} 35. Nf7 {[%emt 0:00:25]} Be7 {[%emt 0:03:
04]} 36. f3 {[%emt 0:01:16]} Ke6 {[%emt 0:01:31]} 37. Nh6 {[%emt 0:00:16]}
exf3+ {[%emt 0:00:18]} 38. Kxf3 {[%emt 0:00:23]} f5 {[%emt 0:00:35]} 39. Kf4 {
[%emt 0:00:44]} Bf8 {[%emt 0:00:30]} 0-1

[Event "48th Continental Open"]
[Site "Sturbridge, MA"]
[Date "2018.08.19"]
[Round "8.14"]
[White "Tang, Jason"]
[Black "Bader, Jeremy"]
[Result "1/2-1/2"]
[WhiteElo "1908"]
[BlackElo "1845"]
[PlyCount "43"]
[EventDate "2018.08.??"]
[EventType "swiss"]
[EventRounds "9"]
[EventCountry "USA"]
[TimeControl "6000+10"]
[WhiteClock "0:34:20"]
[BlackClock "0:35:34"]

1. e4 {[%emt 0:00:10]} c5 2. Nf3 {[%emt 0:00:11]} e6 {[%emt 0:00:33]} 3. d4 {
[%emt 0:00:12]} cxd4 {[%emt 0:00:16]} 4. Nxd4 {[%emt 0:00:10]} a6 {[%emt 0:00:
16]} 5. Nc3 {[%emt 0:00:27]} Qc7 {[%emt 0:00:22]} 6. Bd3 {[%emt 0:00:13]} Nf6 {
[%emt 0:00:44]} 7. O-O {[%emt 0:00:29]} Nc6 {[%emt 0:00:42]} 8. Nb3 {[%emt 0:
00:28]} Be7 {[%emt 0:03:10]} 9. f4 {[%emt 0:00:37]} d6 {[%emt 0:01:02]} 10. Qf3
{[%emt 0:01:04]} O-O {[%emt 0:07:23]} 11. a3 {[%emt 0:02:05]} Bd7 {[%emt 0:08:
25]} 12. Bd2 {[%emt 0:05:51]} Rac8 {[%emt 0:01:09]} 13. Rae1 {[%emt 0:01:52]}
Rfd8 {[%emt 0:11:28]} 14. Qg3 {[%emt 0:09:18]} Nh5 {[%emt 0:04:47]} 15. Qf3 {
[%emt 0:04:51]} Nf6 {[%emt 0:00:19]} 16. Kh1 {[%emt 0:03:27]} b5 {[%emt 0:02:
37]} 17. Nd1 {[%emt 0:07:38]} Bf8 {[%emt 0:09:49]} 18. Qg3 {[%emt 0:03:06]} d5
{[%emt 0:02:41]} 19. Nf2 {[%emt 0:16:20]} dxe4 {[%emt 0:02:01]} 20. Nxe4 {
[%emt 0:00:28]} Nxe4 {[%emt 0:00:40]} 21. Bxe4 {[%emt 0:00:53]} b4 {[%emt 0:09:
42]} 22. axb4 {[%emt 0:09:30]} 1/2-1/2

[Event "48th Continental Open"]
[Site "Sturbridge, MA"]
[Date "2018.08.19"]
[Round "8.15"]
[White "Padmanabhan, Karthik"]
[Black "Zhao, Jeffrey Renfei"]
[Result "1/2-1/2"]
[WhiteElo "1879"]
[BlackElo "1827"]
[PlyCount "63"]
[EventDate "2018.08.??"]
[EventType "swiss"]
[EventRounds "9"]
[EventCountry "USA"]
[TimeControl "6000+10"]
[WhiteClock "0:03:18"]
[BlackClock "1:07:20"]

1. e4 {[%emt 0:00:10]} e5 {[%emt 0:00:23]} 2. Nf3 {[%emt 0:01:29]} Nc6 {
[%emt 0:00:11]} 3. Bc4 {[%emt 0:00:17]} Bc5 {[%emt 0:00:15]} 4. c3 {[%emt 0:00:
23]} Nf6 {[%emt 0:00:14]} 5. d3 {[%emt 0:00:31]} a6 {[%emt 0:00:20]} 6. O-O {
[%emt 0:00:47]} Ba7 {[%emt 0:00:17]} 7. Bb3 {[%emt 0:00:27]} d6 {[%emt 0:00:37]
} 8. Nbd2 {[%emt 0:00:19]} O-O {[%emt 0:01:05]} 9. h3 {[%emt 0:00:17]} Be6 {
[%emt 0:00:37]} 10. Re1 {[%emt 0:00:44]} Qd7 {[%emt 0:01:43]} 11. Nf1 {[%emt 0:
01:19]} Rfe8 {[%emt 0:02:58]} 12. Ng3 {[%emt 0:05:01]} h6 {[%emt 0:02:05]} 13.
Nh2 {[%emt 0:01:38]} d5 {[%emt 0:01:22]} 14. Qf3 {[%emt 0:00:50]} dxe4 {
[%emt 0:06:21]} 15. dxe4 {[%emt 0:00:56]} Bxb3 {[%emt 0:00:11]} 16. axb3 {
[%emt 0:00:31]} Qe6 {[%emt 0:00:10]} 17. Nf5 {[%emt 0:02:30]} Ne7 {[%emt 0:00:
36]} 18. Ng4 {[%emt 0:31:12]} Nxg4 {[%emt 0:01:49]} 19. Qxg4 {[%emt 0:00:55]}
Nxf5 {[%emt 0:00:37]} 20. exf5 {[%emt 0:00:44]} Qf6 {[%emt 0:00:57]} 21. Be3 {
[%emt 0:02:57]} Bxe3 {[%emt 0:00:33]} 22. Rxe3 {[%emt 0:00:26]} Rad8 {[%emt 0:
00:18]} 23. Qe4 {[%emt 0:22:09]} c6 {[%emt 0:02:52]} 24. Re2 {[%emt 0:00:10]}
Qg5 {[%emt 0:03:12]} 25. Rae1 {[%emt 0:06:16]} f6 {[%emt 0:00:10]} 26. Re3 {
[%emt 0:03:39]} Qh5 {[%emt 0:04:06]} 27. Rg3 {[%emt 0:02:31]} Rd1 {[%emt 0:01:
33]} 28. Qc4+ {[%emt 0:05:51]} Kh8 {[%emt 0:00:10]} 29. Rxd1 {[%emt 0:01:32]}
Qxd1+ {[%emt 0:00:14]} 30. Kh2 {[%emt 0:01:26]} Qd5 {[%emt 0:00:11]} 31. Qb4 {
[%emt 0:01:20]} c5 {[%emt 0:01:53]} 32. Qb6 {[%emt 0:02:45]} 1/2-1/2

[Event "48th Continental Open"]
[Site "Sturbridge, MA"]
[Date "2018.08.19"]
[Round "8.16"]
[White "Luo, Terry"]
[Black "Song, Alan"]
[Result "0-1"]
[WhiteElo "1793"]
[BlackElo "2043"]
[PlyCount "110"]
[EventDate "2018.08.??"]
[EventType "swiss"]
[EventRounds "9"]
[EventCountry "USA"]

1. d4 Nf6 2. c4 e6 3. g3 c5 4. d5 d6 5. Nc3 g6 6. Bg2 Bg7 7. Nf3 O-O 8. O-O Na6
9. h3 Nc7 10. e4 exd5 11. exd5 Rb8 12. a4 b6 13. Bf4 a6 14. Rc1 Nh5 15. Bg5 Bf6
16. Bxf6 Nxf6 17. Re1 b5 18. b3 Kg7 19. Nd2 bxa4 20. bxa4 Rb4 21. Na2 Rb2 22.
Rc2 Rxc2 23. Qxc2 Re8 24. Rxe8 Qxe8 25. Kf1 Bf5 26. Qb3 Qe5 27. Qc3 Nd7 28. f4
Qxc3 29. Nxc3 Nb6 30. Ke2 a5 31. Nde4 Bxe4 32. Nxe4 Nxc4 33. Kd3 Nb2+ 34. Kc2
Nxa4 35. Nxd6 Nb6 36. Nb7 Ncxd5 37. Bxd5 Nxd5 38. Nxa5 Nf6 39. Nb7 Nd7 40. Kd3
Kf6 41. Kc4 Kf5 42. Nd6+ Ke6 43. Ne4 h5 44. Ng5+ Kf5 45. Nxf7 Ke4 46. Nh8 Nf8
47. Kxc5 Kf3 48. Kd6 Kxg3 49. Ke7 Kxf4 50. Kxf8 g5 51. Kf7 h4 52. Kf6 g4 53.
hxg4 Kxg4 54. Nf7 h3 55. Nh6+ Kf4 0-1

[Event "48th Continental Open"]
[Site "Sturbridge, MA"]
[Date "2018.08.19"]
[Round "8.17"]
[White "Falcao, Wesley"]
[Black "Yu, Alex"]
[Result "1-0"]
[WhiteElo "2148"]
[BlackElo "1852"]
[PlyCount "103"]
[EventDate "2018.08.??"]
[EventType "swiss"]
[EventRounds "9"]
[EventCountry "USA"]
[TimeControl "6000+10"]
[WhiteClock "0:00:19"]
[BlackClock "0:00:13"]

1. e4 {[%emt 0:00:10]} c5 2. Nf3 {[%emt 0:00:45]} d6 {[%emt 0:00:30]} 3. d4 {
[%emt 0:00:11]} cxd4 {[%emt 0:00:10]} 4. Nxd4 {[%emt 0:00:10]} Nf6 {[%emt 0:00:
10]} 5. Nc3 {[%emt 0:00:11]} g6 {[%emt 0:01:08]} 6. Be3 {[%emt 0:00:38]} Bg7 {
[%emt 0:00:10]} 7. f3 {[%emt 0:00:15]} O-O {[%emt 0:00:27]} 8. Qd2 {[%emt 0:00:
10]} Nc6 {[%emt 0:00:10]} 9. Bc4 {[%emt 0:00:26]} Bd7 {[%emt 0:00:24]} 10.
O-O-O {[%emt 0:00:39]} Rc8 {[%emt 0:00:18]} 11. Bb3 {[%emt 0:00:29]} Ne5 {
[%emt 0:00:11]} 12. Kb1 {[%emt 0:02:26]} Re8 {[%emt 0:02:31]} 13. a3 {[%emt 0:
06:29]} Nc4 {[%emt 0:05:20]} 14. Bxc4 {[%emt 0:00:16]} Rxc4 {[%emt 0:00:18]}
15. h4 {[%emt 0:11:33]} h5 {[%emt 0:03:27]} 16. g4 {[%emt 0:12:00]} hxg4 {
[%emt 0:06:59]} 17. h5 {[%emt 0:00:21]} Qa5 {[%emt 0:09:40]} 18. h6 {[%emt 0:
18:50]} Bf8 {[%emt 0:01:19]} 19. Nb3 {[%emt 0:03:45]} Qc7 {[%emt 0:03:30]} 20.
Bg5 {[%emt 0:06:36]} Rxc3 {[%emt 0:14:04]} 21. bxc3 {[%emt 0:03:16]} gxf3 {
[%emt 0:00:14]} 22. Qd4 {[%emt 0:00:12]} Nh7 {[%emt 0:10:43]} 23. Bc1 {[%emt 0:
01:10]} Rc8 {[%emt 0:01:54]} 24. Rd3 {[%emt 0:04:34]} e5 {[%emt 0:06:29]} 25.
Qxa7 {[%emt 0:01:19]} Qc6 {[%emt 0:12:29]} 26. Qe3 {[%emt 0:05:53]} Nf6 {
[%emt 0:03:14]} 27. Qxf3 {[%emt 0:03:29]} Nh7 {[%emt 0:04:47]} 28. Rg1 {
[%emt 0:07:11]} Be6 {[%emt 0:00:36]} 29. Rg3 {[%emt 0:01:09]} Qb5 {[%emt 0:01:
24]} 30. c4 {[%emt 0:03:09]} Rxc4 {[%emt 0:00:55]} 31. Rc3 {[%emt 0:00:47]} Qc6
{[%emt 0:02:52]} 32. Rxc4 {[%emt 0:01:35]} Qxc4 {[%emt 0:00:24]} 33. Kb2 {
[%emt 0:02:09]} Be7 {[%emt 0:01:00]} 34. Qd3 {[%emt 0:00:33]} Nf6 {[%emt 0:01:
15]} 35. Qxc4 {[%emt 0:00:23]} Bxc4 {[%emt 0:00:18]} 36. Rc3 {[%emt 0:00:12]}
Bxb3 {[%emt 0:00:54]} 37. Rxb3 {[%emt 0:00:10]} Nxe4 {[%emt 0:00:16]} 38. Rxb7
{[%emt 0:00:45]} Bh4 {[%emt 0:00:10]} 39. Be3 {[%emt 0:01:59]} d5 {[%emt 0:00:
10]} 40. a4 {[%emt 0:00:23]} d4 {[%emt 0:00:10]} 41. Bxd4 {[%emt 0:00:00]} exd4
{[%emt 0:00:38]} 42. a5 {[%emt 0:00:00]} Nc5 {[%emt 0:00:00]} 43. Rc7 {[%emt 0:
00:00]} Na6 {[%emt 0:01:07]} 44. Rc6 {[%emt 0:00:00]} Nb4 {[%emt 0:01:29]} 45.
Rb6 {[%emt 0:00:00]} d3 {[%emt 0:02:50]} 46. h7+ {[%emt 0:00:56]} Kh8 {[%emt 0:
00:36]} 47. Rb8+ {[%emt 0:00:10]} Kxh7 {[%emt 0:00:12]} 48. Rxb4 {[%emt 0:00:
12]} Be1 {[%emt 0:00:11]} 49. c3 {[%emt 0:00:11]} f5 {[%emt 0:00:10]} 50. a6 {
[%emt 0:00:04]} Bf2 {[%emt 0:00:00]} 51. Rd4 {[%emt 0:00:19]} d2 {[%emt 0:00:
14]} 52. Kc2 {[%emt 0:00:00]} 1-0

[Event "48th Continental Open"]
[Site "Sturbridge, MA"]
[Date "2018.08.19"]
[Round "8.18"]
[White "Cui, Cynthia"]
[Black "Tanaka, Tyler"]
[Result "0-1"]
[WhiteElo "1798"]
[BlackElo "2007"]
[PlyCount "54"]
[EventDate "2018.08.??"]
[EventType "swiss"]
[EventRounds "9"]
[EventCountry "USA"]

1. c4 Nf6 2. Nc3 g6 3. g3 Bg7 4. Bg2 O-O 5. Nf3 d6 6. O-O Nc6 7. d3 e5 8. a3
Re8 9. Rb1 e4 10. Ng5 exd3 11. exd3 Bf5 12. Nf3 Qd7 13. b4 Rad8 14. Nh4 Bh3 15.
Bb2 Ne5 16. Ne2 g5 17. Bxe5 Bxg2 18. Nxg2 dxe5 19. Nc1 e4 20. Rb3 Ng4 21. Qe2
exd3 22. Qxd3 Qc6 23. Qf5 Qxc4 24. Qxg5 Nxh2 25. Ne3 Nf3+ 26. Kg2 Qxf1+ 27.
Kxf3 Qxc1 0-1

[Event "48th Continental Open"]
[Site "Sturbridge, MA"]
[Date "2018.08.19"]
[Round "8.19"]
[White "Poliannikov, Danila"]
[Black "Ramanathan, Suraj"]
[Result "1/2-1/2"]
[WhiteElo "1994"]
[BlackElo "1961"]
[PlyCount "42"]
[EventDate "2018.08.??"]
[EventType "swiss"]
[EventRounds "9"]
[EventCountry "USA"]
[TimeControl "6000+10"]
[WhiteClock "0:49:44"]
[BlackClock "1:15:02"]

1. e4 {[%emt 0:00:10]} c5 {[%emt 0:00:20]} 2. Nf3 {[%emt 0:00:32]} d6 {[%emt 0:
00:10]} 3. d4 {[%emt 0:00:29]} cxd4 {[%emt 0:00:16]} 4. Nxd4 {[%emt 0:00:24]}
Nf6 {[%emt 0:00:11]} 5. Nc3 {[%emt 0:00:16]} a6 {[%emt 0:00:34]} 6. g3 {
[%emt 0:00:11]} e5 {[%emt 0:00:11]} 7. Nb3 {[%emt 0:00:18]} Nbd7 {[%emt 0:00:
12]} 8. Bg2 {[%emt 0:00:30]} b5 {[%emt 0:00:12]} 9. O-O {[%emt 0:04:14]} Be7 {
[%emt 0:01:14]} 10. a4 {[%emt 0:01:53]} b4 {[%emt 0:00:10]} 11. Nd5 {[%emt 0:
00:10]} Nxd5 {[%emt 0:00:39]} 12. Qxd5 {[%emt 0:00:11]} Rb8 {[%emt 0:01:49]}
13. Be3 {[%emt 0:06:02]} O-O {[%emt 0:05:35]} 14. Qd3 {[%emt 0:06:57]} a5 {
[%emt 0:08:54]} 15. Qd5 {[%emt 0:15:14]} Qc7 {[%emt 0:01:39]} 16. Rac1 {
[%emt 0:00:39]} Nc5 {[%emt 0:01:07]} 17. Nxc5 {[%emt 0:00:44]} dxc5 {[%emt 0:
00:10]} 18. Qd2 {[%emt 0:10:54]} Rd8 {[%emt 0:01:56]} 19. Qe2 {[%emt 0:00:29]}
Bd7 {[%emt 0:01:08]} 20. b3 {[%emt 0:00:11]} Be6 {[%emt 0:00:10]} 21. f4 {
[%emt 0:03:18]} f6 {[%emt 0:02:01]} 1/2-1/2

[Event "48th Continental Open"]
[Site "Sturbridge, MA"]
[Date "2018.08.19"]
[Round "8.20"]
[White "Taylor, Steven"]
[Black "Slade, Theo"]
[Result "0-1"]
[WhiteElo "2081"]
[BlackElo "1960"]
[PlyCount "78"]
[EventDate "2018.08.??"]
[EventType "swiss"]
[EventRounds "9"]
[EventCountry "USA"]

1. e4 e5 2. Nf3 Nc6 3. Bb5 Nf6 4. Nc3 Bb4 5. O-O O-O 6. d3 d6 7. Bg5 Bxc3 8.
bxc3 Qe7 9. Re1 Nd8 10. d4 Ne6 11. Bc1 c5 12. h3 Nc7 13. Bf1 h6 14. Nh2 Bd7 15.
Rb1 b5 16. f4 cxd4 17. Ba3 Rfe8 18. fxe5 Qxe5 19. cxd4 Qf4 20. Qf3 Qxf3 21.
gxf3 d5 22. e5 Nh5 23. Ng4 Ng3 24. Bg2 Ne6 25. c3 Nf4 26. Ne3 Nd3 27. Red1 Ne2+
28. Kf1 Nxc3 29. Rxd3 Nxb1 30. Bc5 b4 31. Nxd5 Bb5 32. Ke2 Nc3+ 33. Nxc3 bxc3
34. Ke3 Bxd3 35. Kxd3 Rac8 36. f4 g5 37. fxg5 Rxe5 38. Kxc3 Rexc5+ 39. dxc5
Rxc5+ 0-1

[Event "48th Continental Open"]
[Site "Sturbridge, MA"]
[Date "2018.08.19"]
[Round "8.21"]
[White "Li, Jerry"]
[Black "Belous, Nicholas"]
[Result "1/2-1/2"]
[WhiteElo "1943"]
[BlackElo "1852"]
[PlyCount "61"]
[EventDate "2018.08.??"]
[EventType "swiss"]
[EventRounds "9"]
[EventCountry "USA"]

1. Nf3 Nf6 2. g3 g6 3. Bg2 Bg7 4. O-O O-O 5. d4 d5 6. c4 c6 7. Nc3 Bf5 8. Bf4
Ne4 9. Rc1 Nxc3 10. Rxc3 dxc4 11. Rxc4 Nd7 12. Rc1 Nf6 13. Ne5 Nd5 14. e3 Nxf4
15. gxf4 Bxe5 16. fxe5 Qd7 17. Qf3 Be6 18. b3 f6 19. exf6 Rxf6 20. Qg3 Qd6 21.
Qxd6 exd6 22. d5 cxd5 23. Rc7 Rf7 24. Rxf7 Kxf7 25. Rc1 Rc8 26. Rxc8 Bxc8 27.
Bxd5+ Kf6 28. f4 g5 29. Kf2 gxf4 30. exf4 a6 31. Kf3 1/2-1/2

[Event "48th Continental Open"]
[Site "Sturbridge, MA"]
[Date "2018.08.19"]
[Round "8.22"]
[White "Luo, Ryan"]
[Black "Procyk, Marijan"]
[Result "1-0"]
[WhiteElo "1805"]
[BlackElo "1940"]
[PlyCount "73"]
[EventDate "2018.08.??"]
[EventType "swiss"]
[EventRounds "9"]
[EventCountry "USA"]
[TimeControl "6000+10"]
[WhiteClock "0:10:16"]
[BlackClock "1:05:12"]

1. d4 {[%emt 0:00:10]} d5 {[%emt 0:00:27]} 2. c4 {[%emt 0:00:12]} c6 {[%emt 0:
00:15]} 3. Nf3 {[%emt 0:00:14]} Nf6 {[%emt 0:00:20]} 4. Qb3 {[%emt 0:00:15]} e6
{[%emt 0:00:23]} 5. g3 {[%emt 0:00:15]} Bd6 {[%emt 0:00:54]} 6. Bg2 {[%emt 0:
00:24]} Nbd7 {[%emt 0:00:21]} 7. O-O {[%emt 0:01:27]} O-O {[%emt 0:01:00]} 8.
Nc3 {[%emt 0:02:36]} dxc4 {[%emt 0:02:13]} 9. Qxc4 {[%emt 0:00:24]} e5 {
[%emt 0:00:11]} 10. Rd1 {[%emt 0:19:20]} Nb6 {[%emt 0:00:34]} 11. Qd3 {[%emt 0:
01:03]} exd4 {[%emt 0:01:08]} 12. Nxd4 {[%emt 0:04:05]} Be7 {[%emt 0:02:37]}
13. Nf5 {[%emt 0:03:25]} Bxf5 {[%emt 0:00:17]} 14. Qxf5 {[%emt 0:00:12]} Qc8 {
[%emt 0:00:22]} 15. Qxc8 {[%emt 0:06:01]} Raxc8 {[%emt 0:00:18]} 16. h3 {
[%emt 0:09:47]} Rcd8 {[%emt 0:00:27]} 17. Bf4 {[%emt 0:08:05]} Rxd1+ {[%emt 0:
00:37]} 18. Rxd1 {[%emt 0:00:42]} Rd8 {[%emt 0:00:15]} 19. Rxd8+ {[%emt 0:03:
03]} Bxd8 {[%emt 0:00:16]} 20. e4 {[%emt 0:03:30]} Ne8 {[%emt 0:02:31]} 21. b3
{[%emt 0:03:59]} g5 {[%emt 0:01:08]} 22. Be3 {[%emt 0:01:58]} Bf6 {[%emt 0:00:
40]} 23. Ne2 {[%emt 0:00:59]} Nd7 {[%emt 0:01:29]} 24. Bxa7 {[%emt 0:06:20]} b6
{[%emt 0:02:45]} 25. e5 {[%emt 0:01:24]} Bxe5 {[%emt 0:00:15]} 26. Bxc6 {
[%emt 0:00:13]} Nef6 {[%emt 0:00:15]} 27. a4 {[%emt 0:01:57]} Kf8 {[%emt 0:01:
16]} 28. b4 {[%emt 0:00:53]} Bc7 {[%emt 0:00:15]} 29. Nd4 {[%emt 0:01:58]} Bd6
{[%emt 0:07:28]} 30. Bxd7 {[%emt 0:03:45]} Nxd7 {[%emt 0:00:27]} 31. Nc6 {
[%emt 0:00:12]} Bc7 {[%emt 0:02:05]} 32. a5 {[%emt 0:02:03]} f6 {[%emt 0:03:13]
} 33. a6 {[%emt 0:03:03]} Kf7 {[%emt 0:00:53]} 34. Bb8 {[%emt 0:00:47]} Nxb8 {
[%emt 0:00:28]} 35. a7 {[%emt 0:00:15]} Nxc6 {[%emt 0:00:22]} 36. a8=Q {
[%emt 0:00:34]} Nd8 {[%emt 0:02:33]} 37. Qc8 {[%emt 0:00:24]} 1-0

[Event "48th Continental Open"]
[Site "Sturbridge, MA"]
[Date "2018.08.19"]
[Round "8.23"]
[White "Finnerman, David"]
[Black "Riddell, Connor"]
[Result "1-0"]
[WhiteElo "1735"]
[BlackElo "1716"]
[PlyCount "51"]
[EventDate "2018.08.??"]
[EventType "swiss"]
[EventRounds "9"]
[EventCountry "USA"]
[TimeControl "6000+10"]
[WhiteClock "0:47:51"]
[BlackClock "0:37:53"]

1. e4 {[%emt 0:00:10]} c5 2. Nf3 {[%emt 0:00:22]} e6 {[%emt 0:00:36]} 3. d4 {
[%emt 0:00:41]} cxd4 {[%emt 0:00:13]} 4. Nxd4 {[%emt 0:00:14]} a6 {[%emt 0:00:
17]} 5. Nc3 {[%emt 0:00:27]} b5 {[%emt 0:00:14]} 6. Bd3 {[%emt 0:01:11]} Qb6 {
[%emt 0:00:17]} 7. Nb3 {[%emt 0:00:32]} Nc6 {[%emt 0:04:52]} 8. O-O {[%emt 0:
00:19]} Nf6 {[%emt 0:01:34]} 9. Be3 {[%emt 0:00:13]} Qb8 {[%emt 0:00:11]} 10.
Re1 {[%emt 0:00:10]} d6 {[%emt 0:00:46]} 11. f4 {[%emt 0:02:24]} Be7 {[%emt 0:
01:46]} 12. Qf3 {[%emt 0:00:10]} Bb7 {[%emt 0:04:33]} 13. Rad1 {[%emt 0:00:13]}
O-O {[%emt 0:00:10]} 14. Qh3 {[%emt 0:02:31]} b4 {[%emt 0:05:54]} 15. Na4 {
[%emt 0:08:00]} Qe8 {[%emt 0:07:52]} 16. e5 {[%emt 0:03:52]} dxe5 {[%emt 0:06:
33]} 17. Nac5 {[%emt 0:00:42]} e4 {[%emt 0:01:21]} 18. Nxe4 {[%emt 0:06:28]}
Nxe4 {[%emt 0:08:07]} 19. Bxe4 {[%emt 0:04:21]} f5 {[%emt 0:00:11]} 20. Bd3 {
[%emt 0:00:10]} Rf6 {[%emt 0:04:17]} 21. Bc4 {[%emt 0:04:41]} Nd8 {[%emt 0:01:
16]} 22. Rd2 {[%emt 0:12:01]} Rh6 {[%emt 0:00:35]} 23. Qxf5 {[%emt 0:01:13]}
Qc6 {[%emt 0:02:50]} 24. Qd3 {[%emt 0:00:11]} a5 {[%emt 0:11:07]} 25. f5 {
[%emt 0:04:23]} Qc7 {[%emt 0:00:55]} 26. Bxh6 {[%emt 0:00:50]} 1-0

[Event "48th Continental Open"]
[Site "Sturbridge, MA"]
[Date "2018.08.20"]
[Round "9.1"]
[White "Vorontsov, Pavlo"]
[Black "Graif, William"]
[Result "1-0"]
[WhiteElo "2578"]
[BlackElo "2123"]
[PlyCount "155"]
[EventDate "2018.08.??"]
[EventType "swiss"]
[EventRounds "9"]
[EventCountry "USA"]

1. e4 c5 2. Nf3 d6 3. Nc3 Nf6 4. e5 dxe5 5. Nxe5 a6 6. g3 Qd6 7. Nc4 Qc6 8. f3
b5 9. Ne3 Bb7 10. Bg2 e6 11. a4 Qb6 12. axb5 axb5 13. Rxa8 Bxa8 14. Qe2 c4 15.
b3 cxb3 16. Qxb5+ Qxb5 17. Nxb5 Bc6 18. c4 Nbd7 19. Nd4 Ba4 20. Bb2 Bb4 21. Ke2
O-O 22. f4 Nc5 23. Nc6 Bxc6 24. Bxc6 Rc8 25. Ra1 Kf8 26. Bf3 Rd8 27. d4 Nce4
28. Kd3 Nc5+ 29. Ke2 Nce4 30. Nd1 Nd2 31. Ra4 Nxf3 32. Kxf3 Bc5 33. dxc5 Rxd1
34. Rb4 Rd3+ 35. Ke2 Rd8 36. Rxb3 Rc8 37. Bxf6 gxf6 38. Rb5 Ke7 39. Kd3 Rc7 40.
Kd4 Rd7+ 41. Kc3 Rc7 42. Kd4 Rd7+ 43. Ke4 Rc7 44. Ra5 Kd7 45. Kd4 Ke7 46. c6
Kd6 47. Rh5 Kxc6 48. Rxh7 Rd7+ 49. Kc3 Kc5 50. Rh5+ f5 51. Rh8 Ra7 52. Rc8+ Kd6
53. Kd4 Ra2 54. Rd8+ Ke7 55. Rh8 Kd6 56. c5+ Kd7 57. Rb8 Rd2+ 58. Ke5 Rxh2 59.
Kf6 Rg2 60. Rb7+ Kc6 61. Rxf7 Rxg3 62. Kxe6 Kxc5 63. Kxf5 Kd6 64. Kf6 Rg1 65.
f5 Rg2 66. Ra7 Rf2 67. Kg6 Rg2+ 68. Kf7 Rh2 69. Ra6+ Kd7 70. f6 Rg2 71. Ra3 Rd2
72. Re3 Rd1 73. Kg7 Rg1+ 74. Kf8 Rd1 75. f7 Rd2 76. Rg3 Rf2 77. Kg7 Ke7 78.
Re3+ 1-0

[Event "48th Continental Open"]
[Site "Sturbridge, MA"]
[Date "2018.08.20"]
[Round "9.2"]
[White "Kim, Yoon-Young"]
[Black "Barbosa, Oliver"]
[Result "0-1"]
[WhiteElo "2360"]
[BlackElo "2545"]
[PlyCount "250"]
[EventDate "2018.08.??"]
[EventType "swiss"]
[EventRounds "9"]
[EventCountry "USA"]

1. d4 d5 2. c4 c6 3. Nf3 Nf6 4. e3 Bg4 5. h3 Bxf3 6. Qxf3 e6 7. Nc3 Nbd7 8. Bd2
Bd6 9. cxd5 exd5 10. Bd3 Qe7 11. a3 O-O 12. O-O Rfe8 13. Rfc1 Ne4 14. Be1 Rad8
15. Na4 g6 16. b4 a6 17. Nc5 Ndf6 18. a4 h5 19. b5 axb5 20. axb5 b6 21. Na4 c5
22. Nxb6 Ng5 23. Qd1 cxd4 24. exd4 Qe6 25. Bf1 Qf5 26. Bd2 Nfe4 27. Be3 Nxf2
28. Bxf2 Bh2+ 29. Kxh2 Qxf2 30. Rc2 Qf4+ 31. Kg1 Qg3 32. Kh1 Re6 33. Re2 Rxb6
34. Qe1 Qb8 35. Re7 Ne4 36. Bd3 Re8 37. Rxe8+ Qxe8 38. Ra6 Rb8 39. Kg1 Qe7 40.
Ra2 Qf6 41. Qe3 Re8 42. Rb2 Re6 43. Bf1 h4 44. Rb1 Kg7 45. Rd1 Ng3 46. Qf2 Qe7
47. Qd2 Qa3 48. Bd3 Qa4 49. Bf1 Ne4 50. Qc1 Qa2 51. Qe3 Ng3 52. Qf2 Qb3 53. Qd2
Rf6 54. Be2 Rf2 55. Qd3 Qxd3 56. Bxd3 Rb2 57. Rb1 Ne2+ 58. Kf1 Rxb1+ 59. Bxb1
Nxd4 60. Ba2 Nxb5 61. Bxd5 f5 62. Kf2 Kf6 63. Ba8 Nd6 64. Kf3 Nc4 65. Bb7 Nd2+
66. Ke3 Nf1+ 67. Kf2 Ng3 68. Kf3 Ke5 69. Bc6 Ne4 70. Be8 g5 71. Bc6 Nd2+ 72.
Ke3 Nc4+ 73. Kf3 Kd4 74. Bb7 Ne5+ 75. Kf2 Kd3 76. Bd5 Kd4 77. Bb7 g4 78. hxg4
fxg4 79. Bc8 Ke4 80. Bb7+ Kf4 81. Ba6 Nf7 82. Bc8 Ng5 83. Bd7 Ne4+ 84. Kg1 Kg3
85. Bf5 Nd2 86. Be6 Ne4 87. Bf5 Nc3 88. Bc8 Kf4 89. Kf2 Nd1+ 90. Kg1 Nc3 91.
Bd7 Kg3 92. Bc8 Ne4 93. Bd7 Nc3 94. Bc8 Ne2+ 95. Kh1 Nf4 96. Kg1 Nd3 97. Ba6
Ne5 98. Bc8 Kf4 99. Kf2 Nd3+ 100. Ke2 Nc5 101. Kf2 Ne4+ 102. Kg1 g3 103. Kf1
Ke3 104. Bd7 Kd2 105. Bf5 Nf2 106. Bd7 Nd1 107. Bc6 Ne3+ 108. Kg1 Ke1 109. Bb7
Nd1 110. Ba8 Nc3 111. Bb7 Ne2+ 112. Kh1 Kf2 113. Ba8 Nf4 114. Bb7 Nd3 115. Bc6
Ne5 116. Bb7 Kf1 117. Ba6+ Kf2 118. Bb7 Ng6 119. Bc6 Nf4 120. Bb7 Ne6 121. Bc6
Ng5 122. Bb7 h3 123. gxh3 Nxh3 124. Bc6 Ng5 125. Bd7 g2+ 0-1